[Keyboard works, partly in tablature, collected for Thomas Nikolaus Ihre Wisbyensis]
Saved in:
| Corporate Author: | |
|---|---|
| Other Authors: | |
| Format: | Musical Score |
| Published: |
1679.
|
| Subjects: | |
| Tags: |
Add Tag
No Tags, Be the first to tag this record!
|
| LEADER | 00621ndm a2200205 4500 | ||
|---|---|---|---|
| 001 | 007701659-9 | ||
| 005 | 20041218194146.0 | ||
| 008 | 980210s1679 xx zzz| a nn| d | ||
| 035 | 0 | |a ocm38939066 | |
| 040 | |a MH-Mu |c MH-Mu | ||
| 110 | 2 | |a Uppsala universitetsbibliotek. |k Manuscript. |n Ihre 284. | |
| 245 | 0 | 0 | |a [Keyboard works, partly in tablature, collected for Thomas Nikolaus Ihre Wisbyensis] |
| 260 | |c 1679. | ||
| 300 | |a Ms. score ([162] p.) | ||
| 650 | 0 | |a Keyboard instrument music. | |
| 650 | 0 | |a Music |x Manuscripts. | |
| 690 | 4 | |a Tablatures. | |
| 700 | 2 | |a Ihre Wisbyensis, Thomas Nikolaus. | |
| 988 | |a 20020608 | ||
| 906 | |0 MH | ||


